| 000 | 00907nam a22002057a 4500 | ||
|---|---|---|---|
| 999 |
_c8473 _d8473 |
||
| 003 | AR-CdUCM | ||
| 008 | 190325b ||||| |||| 00| 0 eng d | ||
| 040 |
_aMUNICIPALIDAD PROVINCIAL DEL CUSCO _cBIBLIOTECA MUNICIPAL DEL CUSCO |
||
| 082 |
_a608 / _bH17 |
||
| 100 |
_aHall, Allen S. _923763 |
||
| 245 | _aTheory and Problems of Machine Design / | ||
| 260 |
_aEstados Unidos , _bSchaum Publishing Co. _c1961. |
||
| 300 |
_a344 páginas ; _c28 cm. _b2da hoja rota (Material grueso) |
||
| 505 | _aContenido : Streses in Simple Machine Members -- Metal Fits and Tolerances -- Curved Beams -- Deflection and Bukling of machine members -- Designing Machine Members Subjected to Variable Loads -- Machine Vibrations -- Critical Speeds fo Shafts... | ||
| 650 |
_aDiseño de Maquinas _923764 |
||
| 650 |
_aPatentes y Diseño _923765 |
||
| 650 |
_aMaquinaria Industrial _923766 |
||
| 942 |
_2ddc _cLIBROS |
||
| 945 | _artm | ||